If ye then be risen with Christ. (Record no. 5918)

000 -LEADER
fixed length control field 00575nam a2200181 a 4500
001 - CONTROL NUMBER
control field :::00003661$&:&@@
003 - CONTROL NUMBER IDENTIFIER
control field OkBaRHE
005 - DATE AND TIME OF LATEST TRANSACTION
control field 20000607103309.0
008 - FIXED-LENGTH DATA ELEMENTS--GENERAL INFORMATION
fixed length control field s1962 j 000 0 eng u
040 ## - CATALOGING SOURCE
Transcribing agency
100 1# - MAIN ENTRY--PERSONAL NAME
Personal name Ward, C. M. (Charles Morris).
245 10 - TITLE STATEMENT
Title If ye then be risen with Christ.
260 ## - PUBLICATION, DISTRIBUTION, ETC. (IMPRINT)
Place of publication, distribution, etc Springfield, MO., :
Name of publisher, distributor, etc Assemblies of God
Date of publication, distribution, etc c1962
300 ## - PHYSICAL DESCRIPTION
Extent 56 p. ;
Dimensions 17 cm.
650 ## - SUBJECT ADDED ENTRY--TOPICAL TERM
Topical term or geographic name as entry element Bible New Testament Colossians
General subdivision Study
942 ## - ADDED ENTRY ELEMENTS (KOHA)
Source of classification or shelving scheme
Koha item type Books
Copies
Source of classification or shelving scheme Price effective from Damaged status Barcode Permanent Location Copy number Date last seen Shelving location Lost status Full call number Date acquired Withdrawn status Not for loan Koha item type
 2010-04-14 3661RHEMA Bible Training College12018-04-03General Stacks BS 2715 .W2962010-04-14  Books